书目信息 |
| 题名: |
中国食用菌百科
|
|
| 作者: | 黄年来 ;杨庆尧 | |
| 分册: | ||
| 出版信息: | 北京 中国农业出版社 1993 |
|
| 页数: | 448 | |
| 开本: | 26cm | |
| 丛书名: | ||
| 单 册: | ||
| 中图分类: | S567.3 | |
| 科图分类: | ||
| 主题词: | 经济作物 | |
| 电子资源: | ||
| ISBN: | 7-109-02614-0 | |
| 000 | 00589nam0 2200193 450 | |
| 001 | 0741144344 | |
| 005 | 20070817112544.34 | |
| 010 | @a7-109-02614-0@b精装@d¥75.00 | |
| 100 | @a20070817d km y0chiy0120 ea | |
| 101 | 0 | @achi |
| 200 | 1 | @a中国食用菌百科@Azhong guo shi yong jun bai ke@f黄年来@Fhuang nian lai@g杨庆尧 等@Gyang qing yao deng |
| 210 | @a北京@c中国农业出版社@d1993 | |
| 215 | @a448@d26cm@e附图 | |
| 606 | 0 | @a经济作物 |
| 690 | @aS567.3@v3 | |
| 701 | 0 | @a黄年来@Ahuang nian lai |
| 702 | 0 | @a杨庆尧@Ayang qing yao |
| 801 | 0 | @aCN@bPFT@c20070817 |
| 905 | @a213230@dS567.3@en1@f1 | |
| 中国食用菌百科/黄年来/杨庆尧 等.-北京:中国农业出版社,1993 |
| 448;26cm+附图 |
| ISBN 7-109-02614-0(精装):¥75.00 |
| ● |
| 相关链接 |
|
|
|
|
正题名:中国食用菌百科
索取号:S567.3/n1
 
预约/预借
| 序号 | 登录号 | 条形码 | 馆藏地/架位号 | 状态 | 备注 |
| 1 | 6600638 | 266006387 | 生命科学系资料室/ [索取号:S567.3/n1] | 在馆 |